All work deserves some remuneration, or does it? (Record no. 76289)

MARC details
000 -LEADER
fixed length control field 01185cab a2200217 4500
001 - CONTROL NUMBER
control field ##L131907
008 - FIXED-LENGTH DATA ELEMENTS--GENERAL INFORMATION
fixed length control field 051215n2005 000 0 eng u
035 ## - SYSTEM CONTROL NUMBER
System control number (Sirsi) u131907
041 #0 - LANGUAGE CODE
Language code of text/sound track or separate title eng
100 1# - MAIN ENTRY--PERSONAL NAME
Personal name Williamson, Hazel
245 00 - TITLE STATEMENT
Title All work deserves some remuneration, or does it?
260 ## - PUBLICATION, DISTRIBUTION, ETC.
Date of publication, distribution, etc. 2005
490 #0 - SERIES STATEMENT
Series statement Estates Gazette
Volume/sequential designation (0549) 10 December 2005, 83(1)
520 ## - SUMMARY, ETC.
Summary, etc. Considers the vagueness of the law relating to the remuneration of parties who have carried out free preliminary work in the hope of obtaining contracts that do not materialise. Discusses key cases such as "Countrywide Communications Ltd v ICL Pathway Ltd and another (QBD, Abs61818) which define the situations in which payment is owed. Concludes that the most useful test is that of assessing the claimant's assumption of the risk but warns that claims for recovery can be complex.
590 ## - LOCAL NOTE (RLIN)
Local note IKA030106
650 24 - SUBJECT ADDED ENTRY--TOPICAL TERM
Topical term or geographic name entry element COUNTRYWIDE COMMUNICATIONS LTD V ICL PATHWAY LTD AND ANOTHER
650 24 - SUBJECT ADDED ENTRY--TOPICAL TERM
Topical term or geographic name entry element REGALIAN PROPERTIES PLC AND OTHER V LONDON DOCKLAND DEVELOPMENT CORPORATION
650 ## - SUBJECT ADDED ENTRY--TOPICAL TERM
Topical term or geographic name entry element STEPHEN DONALD ARCHITECTS LTD V KING
690 ## - LOCAL SUBJECT ADDED ENTRY--TOPICAL TERM (OCLC, RLIN)
Topical term or geographic name as entry element MANAGEMENT-BUSINESS MANAGEMENT-FEES
942 ## - ADDED ENTRY ELEMENTS (KOHA)
Suppress in OPAC 0
Holdings
Withdrawn status Lost status Source of classification or shelving scheme Damaged status Not for loan Home library Current library Shelving location Date acquired Total Checkouts Full call number Barcode Date last seen Copy number Price effective from Koha item type
    Dewey Decimal Classification     London London Journal article 15/12/2005   L131907 131907-1001 06/08/2019 1 06/08/2019 Journal article